Christianity in the North-East India : (Record no. 9211)

MARC details
000 -LEADER
fixed length control field 00713nam a22002177a 4500
003 - CONTROL NUMBER IDENTIFIER
control field GBCCL
005 - DATE AND TIME OF LATEST TRANSACTION
control field 20241126110707.0
008 - FIXED-LENGTH DATA ELEMENTS--GENERAL INFORMATION
fixed length control field 220603b ||||| |||| 00| 0 eng d
020 ## - INTERNATIONAL STANDARD BOOK NUMBER
International Standard Book Number 9789381209202
020 ## - INTERNATIONAL STANDARD BOOK NUMBER
International Standard Book Number 9381209200
040 ## - CATALOGING SOURCE
Transcribing agency GBC
082 ## - DEWEY DECIMAL CLASSIFICATION NUMBER
Classification number 275.41
Item number CHO
100 ## - MAIN ENTRY--PERSONAL NAME
Personal name Choudhury, Kamal Narayan
9 (RLIN) 16022
245 ## - TITLE STATEMENT
Title Christianity in the North-East India :
Remainder of title the Baptist missioneries /
Statement of responsibility, etc. Kamal Narayan Choudhury
260 ## - PUBLICATION, DISTRIBUTION, ETC.
Place of publication, distribution, etc. Kolkata :
Name of publisher, distributor, etc. Punthi Pustak,
Date of publication, distribution, etc. 2014.
300 ## - PHYSICAL DESCRIPTION
Extent 132 pages ;
Other physical details 22 cm
650 ## - SUBJECT ADDED ENTRY--TOPICAL TERM
Topical term or geographic name entry element Baptists
Form subdivision Missions
Geographic subdivision India, Northeastern
General subdivision History.
9 (RLIN) 16023
650 ## - SUBJECT ADDED ENTRY--TOPICAL TERM
Geographic subdivision India, Northeastern
General subdivision Church history.
9 (RLIN) 16024
650 ## - SUBJECT ADDED ENTRY--TOPICAL TERM
Topical term or geographic name entry element Baptists
Form subdivision Missions.
9 (RLIN) 10333
942 ## - ADDED ENTRY ELEMENTS (KOHA)
Source of classification or shelving scheme Dewey Decimal Classification
Koha item type Books
Koha issues (borrowed), all copies 7
Holdings
Withdrawn status Lost status Source of classification or shelving scheme Damaged status Not for loan Home library Current Library Shelving location Date acquired Total checkouts Full call number Barcode Date last seen Date last checked out Copy number Price effective from Koha item type
    Dewey Decimal Classification     GRACE BIBLE COLLEGE GRACE BIBLE COLLEGE North East Collection 2022-06-03 9 275.41 CHO 015627 2026-01-16 2026-01-15 c.1 2022-06-03 Books
© Grace Bible College Library 2025